Statistics for Locked Up Abroad

Click here to take the quiz!

General Stats

  • This quiz has been taken 12 times
  • The average score is 15 of 16

Answer Stats

% Expat PrisonersHintCountry% Correct
68%The only European country that has Catalan as its only official languageAndorra
100%
64.3%Tiny European nation nestled between Switzerland and AustriaLiechtenstein
100%
73%Small European country and the second-richest country in the worldLuxembourg
100%
55.7%Small island nation between Sicily and the North African coastMalta
100%
100%The country of ex-movie star Princess GraceMonaco
100%
49%Largest country on the Arabian PeninsulaSaudi Arabia
100%
70%The European country that was neutral during WWIISwitzerland
100%
87.8%Has the world's tallest buildingUAE
100%
53.2%Arnold Schwarzenegger was born hereAustria
92%
43.8%Home to Flanders and WalloniaBelgium
92%
48.3%Mediterranean country that has its map in its flagCyprus
92%
57.8%The goddess Athena is its patron deityGreece
92%
38.9%The non-Arab countries in the middle east are Turkey, Iran, Cyprus and...Israel
92%
36%Middle eastern country with a cedar tree on its flagLebanon
92%
73.8%The richest and flattest Arab nationQatar
92%
67.7%The smallest country in mainland AfricaGambia
75%

Score Distribution

Percentile by Number Answered

Percent of People with Each Score

Your Score History

You have not taken this quiz